00417nam a22001337a 4500003000400000008004100004082001800045100002000063245011300083260003200196300000900228502001500237650003100252OSt260428b |||||||| |||| 00| 0 eng d a634.421bR20E aKumar, Ravindra aEffect of Plant Growth Regulators on Fruiting and Quality of Guava (psidium Guajarn L.) CV. Allahabad Safeda aPusa, SamastipurbRAUc1996 a78P. bMsc.d1996 aFruit and Fruit Technology